00493cam a2200193 a 4500001000800000005001700008008004100025010001700066020002500083020002200108040001800130041000800148080001200156082002000168100000700188101000800195245006600203504003000269425939320180123034241.0840605s1985 njua b 001 0 eng  a 84011773  a0139520864 :c$21.00 a0139520783 (pbk.) aDLCcDLCdDLC aeng a658.40300a658.403 MCC2191 a54 aLID10aWhatever it takes :cMorgan W. McCall, Jr., Robert E. Kaplan. aBibliography: p. 119-123.